000 00374nam a2200133 i 4500
001 29506
003 ES-MaACL
007 t|
008 030122s1889 sp ||||1| spa d
100 1 _aBark, Ernesto.
_925673
245 1 3 _aLa Prensa espaƱola
_b: estudio comparativo de un cosmopolita /
_cErnesto Bark.
260 _aMadrid :
_b[s.n.,
_c1889]
852 _aES-MaACL
_jT-588-F-4
999 _c29506
_d29506